Lament for a Maker

保存先:
書誌詳細
第一著者: Innes, Michael
フォーマット: 図書
言語:Undetermined
出版事項: New York, Estados Unidos Perennial Library 1984
主題:
タグ: タグ追加
タグなし, このレコードへの初めてのタグを付けませんか!

MARC

LEADER 00000nam a2200000Ia 4500
008 170316s9999 xx 000 0 und d
999 |c 28807  |d 28807 
040 |a cru BVZT 
090 |a F-810 I-1L 
100 |a Innes, Michael 
245 |a Lament for a Maker 
260 |a New York, Estados Unidos 
260 |b Perennial Library 
260 |c 1984 
300 |a 264 páginas 
650 |a LITERATURA ESTADOUNIDENSE  |9 25 
650 |a FICCIÓN  |9 26 
942 |c 15 D  |h F-810 I-1L  |2 z